Statistics for Bayrak Amblemlerini Bulma Avı

Click here to take the quiz!

General Stats

  • This quiz has been taken 1 684 times
  • The average score is 6 of 12

Answers on the Map

Answers color-coded by a green-red scale on the quiz's map according to % correct below.
 

Answer Stats

Answer% Correct
Arnavutluk
88%
Kenya
68%
Pakistan
67%
Bhutan
57%
Lübnan
57%
Avustralya
55%
Sri Lanka
53%
Kamboçya
48%
Barbados
37%
Hindistan
36%
Uganda
26%
Malavi
24%

Score Distribution

Percentile by Number Answered

Percent of People with Each Score

Your Score History

You have not taken this quiz